000 00667cam a22001934a 4500
005 20250605164338.0
008 250528s ||||||||||||||||||||||||d
035 _a23531
040 _aGR-AtMCL
_bgre
_dGR-AtMCL
_eAACR2
245 1 _aThe Role of Sex and Socioeconomics Status Regarding on Stress.
260 _c2014
300 _a111
520 _aIntroduction, Stress, Gender, Who is Prone to and Why? Socioeconomic Status (SES), Methodology, Demographics, How Sex and Socioeconomic Status Affect Stress, Conclusion, References.
700 1 _aSoumplaki Loukia
_99104
700 1 _aThomas Georgios
_99105
942 _cDS
999 _c8532
_d8532